Sequel di film con maggiori incassi nella storia del cinema - Statistics

Statistiche generali
  • Questo quiz è stato fatto 45 volte
  • Il punteggio medio è 4 su 10
Statistiche sulle risposte
Incasso ($) Anno di uscita del film Film % Corretto
2 320 250 281 2022 Avatar - La via dell'acqua
76%
2 048 359 754 2018 Avengers: Infinity War
66%
2 799 439 100 2019 Avengers: Endgame
63%
1 402 809 540 2015 Avengers: Age of Ultron
55%
1 921 847 111 2021 Spider-Man: No Way Home
53%
1 495 696 292 2022 Top Gun: Maverick
47%
2 069 521 700 2015 Star Wars: Il risveglio della Forza
37%
1 671 537 444 2015 Jurassic World
18%
1 453 683 476 2019 Frozen II - Il segreto di Arendelle
13%
1 515 341 399 2015 Fast & Furious 7
5%
Nessun quiz corrispondente trovato
Distribuzione punteggi
Percentuale di utenti per punteggio
Percentile per numero di risposta
I tuoi punteggi nel tempo
Non hai fatto questo quiz